000 00493nam a2200193Ia 4500
003 LK-CoDNM
005 20240926150320.0
008 010623t1891 xxu||||| |||| 00| 1 eng d
040 _aLK-CoDNM
_dLK-CoDNM
_eLK-CoDNM
041 _aeng
080 _a24
_bF28
245 _aConcerning Snakes in Ceylon
260 _bA.M. J.Ferguson
_aColombo
_c1891
300 _b29p. ; 17 cm
650 _aConcerning Snakes in Ceylon
650 _a24 F28
650 _aA.M. J.Ferguson
942 _cBK
999 _c83316
_d83316